000 00375nam a2200157 i 4500
001 bg
100 1 _aKARAPETJANC, Michail C.
245 0 _aStroenie vescestva /
_cM.C. Karapetjanc, C.I. Drakin.
260 _aMoskva,
_c1978.
700 1 _aDRAKIN, Sergej I.
040 _cBPK
041 _apol
080 _a54
942 _cKS
008 s pl f |000 0 pol
999 _c18009
_d18009
856 _uhttp://koha.tu.koszalin.pl/cgi-bin/koha/opac-detail.pl?biblionumber=18009
_yKatalog online BPK